000 00480nam a2200193Ia 4500
003 GCL
008 140319s9999 xx 000 0 eng d
040 _aGCL /
_cGCL
082 0 4 _a823.914
_bG F
100 1 _aGARNETT, HENRIETTA
245 1 0 _aFAMILY SKELETONS /
_cGARNETT, HENRIETTA
260 _a[S.N] :
_bSCEPTRE ،
_c1987
300 _a224 P
650 0 4 _aENGLISH LITERATURE
650 0 4 _aLITERATURE
650 0 4 _aENGLISH FICTION
650 0 4 _aFICTION
942 _2ddc
_cBK
999 _c12745
_d12745